000 00346nam a2200145Ia 4500
008 151213s9999 xx 000 0 und d
100 _aG.K. Chesterton
245 _aChaucer
_cG.K. Chesterton
260 _aLondon
_bFeber & Feber
300 _a4509 p.
650 _aBiography
650 _aReference
700 _aG.K. Chesterton
999 _c2884
_d2884